000 01227nam a2200301 i 4500
003 DO-SdBNP
005 20241119093502.0
007 ta
008 230411b2012 sp ||||| |||| 00| 0 spa d
020 _a9789945469837
040 _aDO-SdBNP
_bspa
_cBNPHU
_erda
041 _aspa
082 4 _aCu863.44
_bH532c
_222
100 1 _aLeón, Eduardo Heras
_d1940-
_eautor
_4aut.
_986813
245 1 0 _aCuentos completos /
_cEduardo Heras León.
264 4 _aSanto Domingo, República Dominicana :
_bEditora Nacional,
_c©2012.
300 _a544 páginas ;
_c23 cm.
336 _2rdacontent
_atexto
_btxt
337 _asin mediación
_bn
_2rdamedia
338 _avolumen
_bnc
_2rda carrier
500 _aIncluye datos biográficos del autor en la solapa de la cubierta
505 0 _aEduardo Heras León, la poética del narrador de fondo /
_rFrancisco López Sacha --
_tLa guerra tuvo seis nombres --
_tLos pasos en la hierba--
_tNo se nos pierda la memoria--
_tA fuego limpio--
_tCuestión de principios--
_tDoce vita--
_tOtros cuentos.
590 _aInventariado 2023/BT
650 7 _aCuentos cubanos
_2LEMB
_91482
650 7 _aLiteratura cubana
_2LEMB
_91483
910 _aBtavárez/Validado. Control de calidad MFF
942 _2ddc
_cLBS1
999 _c53204
_d53204